| 000 | 00000nas 2200000za 4500 |
| 001 | 9.500116 |
| 003 | CaOODSP |
| 005 | 20250403104640 |
| 007 | cr ||||||||||| |
| 008 | 150406c1999||||xxc|| p o||||f| |0fre|d |
| 022 | |a1209-1162 |
| 040 | |aCaOODSP|bfre |
| 041 | |aeng |
| 041 | |afre |
| 043 | |an-cn--- |
| 086 | 1 |aCS50-002-PDF |
| 245 | 00|aTransport terrestre et maritime |h[ressource électronique] |
| 260 | |aOttawa - Ontario : |bStatistique Canada |
| 310 | |aIrrégulier |
| 362 | 1 |aVol. 12, n° 5 - Vol. 20, n° 3 |
| 520 | 3 |aPrésente des données actuelles, des analyses de séries chronologiques et des tableaux spéciaux sur le camionnage, les transports ferroviaire et maritime, le transport par autobus et le transport urbain. Il comprend des renseignements sommaires sur l'enquête trimestrielle sur le camionnage pour compte d'autrui, sur l'enquête trimestrielle sur les transporteurs routiers de marchandises et les entreprises de déménagement, sur les mouvements maritimes des marchandises, l'activité portuaire, l'enquête financière de la marine et autres sujets pertinents. |
| 710 | 2 |aStatistique Canada. |
| 776 | 0#|tSurface and marine transport |w(CaOODSP)9.509108 |
| 780 | 00|tSurface and marine transport |w(CaOODSP)9.815990 |
| 785 | 00|tTransports terrestre et maritime |w(CaOODSP)9.501216 |
| 791 | |tSurface and marine transport |eeng|w(CaOODSP)9.500115 |